| 000 | 01011cam a2200241 i 4500 | ||
|---|---|---|---|
| 003 | SA-RiAUC | ||
| 005 | 20251106085327.0 | ||
| 008 | 251105s1970 ||| g 000rp ara c | ||
| 040 |
_aSA-JeALM _bara _cSA-RiAUC _erda |
||
| 082 | 0 | 4 | _a811.9531 |
| 090 |
_a811.9531 _bع ل ا |
||
| 100 | 1 |
_aالعلاف، إبراهيم خليل صالح، _d1350-1411 هجري _eمؤلف. |
|
| 245 | 1 | 0 |
_aجلنار / _cإبراهيم خليل العلاف. |
| 250 | _aالطبعة الأولى. | ||
| 264 | 1 |
_a[مكة المكرمة] : _bإبراهيم خليل العلاف _c1971 |
|
| 300 |
_a95 صفحة ؛ _c16 × 12 سم |
||
| 336 |
_aنص _btxt _2rdacontent _3كتاب |
||
| 337 |
_aبدون وسيط _bn _2rdamedia |
||
| 500 | _aاهداء من المؤلف ابراهيم خليل العلاف الى الشيخ رحمه الله بتاريخ 9 / 2 / 1991 م | ||
| 650 | 7 |
_aالشعر العربي _zالسعودية _yقرن 14 هجري. _2aucsh |
|
| 942 |
_2ddc _cBOOK _n0 |
||
| 949 |
_aSA-JeALM _d251105 _uosman123 _n1 |
||
| 999 |
_c13057 _d13057 |
||